El derecho a la verdad (Record no. 55423)

MARC details
000 -LEADER
campo de control de longitud fija 01021nam a2200241 i 4500
001 - NÚMERO DE CONTROL
campo de control 55423
003 - IDENTIFICADOR DE NÚMERO DE CONTROL
campo de control ES-MaACL
005 - FECHA Y HORA DE LA ÚLTIMA TRANSACCIÓN
campo de control 20230906163137.0
007 - CAMPO FIJO DE DESCRIPCIÓN FÍSICA--INFORMACIÓN GENERAL
campo de control de longitud fija t|
008 - DATOS DE LONGITUD FIJA--INFORMACIÓN GENERAL
campo de control de longitud fija 030919s1968 sp ||||1| spa d
080 ## - NÚMERO DE LA CLASIFICACIÓN DECIMAL UNIVERSAL
Número de la Clasificación Decimal Universal 27:316.77
245 03 - MENCIÓN DEL TÍTULO
Título El derecho a la verdad
Resto del título : doctrina de la Iglesia sobre prensa, radio y televisión : (1831-1968) /
Mención de responsabilidad, etc. edición preparada, con introducción a la moral, teología e historia del magisterio pontificio sobre comunicaciones sociales, por Jesús Iribarren.
260 ## - PUBLICACIÓN, DISTRIBUCIÓN, ETC.
Lugar de publicación, distribución, etc. Madrid :
Nombre del editor, distribuidor, etc. [La Editorial Católica],
Fecha de publicación, distribución, etc. 1968.
300 ## - DESCRIPCIÓN FÍSICA
Extensión 86, 504, [11] p. ;
Dimensiones 18 cm.
490 1# - MENCIÓN DE SERIE
Mención de serie Biblioteca de autores cristianos. Ediciones de bolsillo ;
Designación de volumen o secuencia 3
500 ## - NOTA GENERAL
Nota general Índice.
650 04 - PUNTO DE ACCESO ADICIONAL DE MATERIA--TÉRMINO DE MATERIA
Término de materia o nombre geográfico como elemento de entrada Medios de comunicación social-
Subdivisión general Aspectos religiosos.
9 (RLIN) 14967
700 1# - ENTRADA AGREGADA--NOMBRE PERSONAL
Nombre de persona Iribarren, Jesús.
9 (RLIN) 65453
830 0# - PUNTO DE ACCESO ADICIONAL DE SERIE-TÍTULO UNIFORME
Título uniforme Biblioteca de autores cristianos. Ediciones de bolsillo ;
Designación de volumen o secuencia 3
9 (RLIN) 182549
852 ## - LOCALIZACIÓN
Ubicación ES-MaACL
Número de control de estantería C-34855
Sublocalización o colección R.66257
852 ## - LOCALIZACIÓN
Ubicación ES-MaACL
Número de control de estantería E-13471
Encuadernación Olim P-1255
Holdings
Estatus retirado Estado de pérdida Estado de daño No para préstamo Biblioteca de origen Biblioteca actual Ubicación en estantería Fecha de adquisición Fuente de adquisición Total de préstamos Signatura topográfica completa Código de barras Visto por última vez Precio de reemplazo Tipo de ítem Koha
        Biblioteca del Ateneo de Madrid Biblioteca del Ateneo de Madrid Depósito 2 10/11/2010     E-13471 1184365 23/02/2023 23/02/2023 Libro impreso
        Biblioteca del Ateneo de Madrid Biblioteca del Ateneo de Madrid Depósito 2 17/01/2008     C-34855 1058231 23/02/2023 23/02/2023 Libro impreso